Slovensko v procese medzinárodnej ekonomickej integrácie a globalizácie

Saved in:
Bibliographic Details
Main Author: Hontyová, Kajetána
Format: Book Chapter
Language:Slovak
Tags: Add Tag
No Tags, Be the first to tag this record!

MARC

LEADER 00000naa$a2200000$$$4500
001 0116323
005 20240502083304.9
041 0 |a slo 
044 |a CZ 
245 1 0 |a Slovensko v procese medzinárodnej ekonomickej integrácie a globalizácie  |c Kajetana Hontyová 
100 1 |a Hontyová, Kajetána